| 000 | 00513nam a2200145Ia 4500 | ||
|---|---|---|---|
| 008 | 230917s9999||||xx |||||||||||||| ||und|| | ||
| 040 |
_e188819 _aMAIN |
||
| 041 | _aEnglish | ||
| 082 | _a381.30212 I2S(1979-80) | ||
| 100 | _aIndia, Directorate General of Commercial Intelligence and Statistics | ||
| 245 | 0 | _aStatistics of the Inland coasting trade consignments of Indi 1979-80 | |
| 260 |
_aCalcutta _bIndia, Directorate General of Commercial Intelligence and Statistics _c1985 |
||
| 300 | _a363 p. | ||
| 942 | _cBK | ||
| 999 |
_c62519 _d62519 |
||